[Event "DEM U14w 2022"]
[Site "Willingen GER"]
[Date "2022.06.09"]
[Round "7"]
[White "Peglau, Dora"]
[Black "Bezsonna, Polina"]
[Result "1-0"]
[Termination "normal"]
[Board "1"]
[WhiteElo "2008"]
[BlackElo "1511"]
[WhiteClock "00:08:02"]
[BlackClock "00:02:07"]
[PlyCount "119"]
[WhiteFideId "16220005"]
[BlackFideId "14191156"]
[EventCountry "GER"]
[EventRounds "9"]
[EventType "swiss"]
[EventDate "2022.06.04"]

1. d4 {[%clk 1:30:57]} Nf6 {[%clk 1:30:50]} 2. c4 {[%clk 1:31:17]} c5 {[%clk
1:31:09]} 3. Nf3 {[%clk 1:31:00]} cxd4 {[%clk 1:28:12]} 4. Nxd4 {[%clk
1:31:24]} g6 {[%clk 1:28:08]} 5. Nc3 {[%clk 1:31:31]} Bg7 {[%clk 1:28:14]} 6.
e4 {[%clk 1:31:32]} Nc6 {[%clk 1:28:14]} 7. Be3 {[%clk 1:30:03]} O-O {[%clk
1:28:13]} 8. Be2 {[%clk 1:29:43]} b6 {[%clk 1:28:23]} 9. O-O {[%clk 1:28:53]}
Bb7 {[%clk 1:28:14]} 10. f3 {[%clk 1:29:10]} e6 {[%clk 1:27:59]} 11. Rc1 {[%clk
1:26:43]} Ne8 {[%clk 1:14:11]} 12. Qd2 {[%clk 1:23:30]} Nc7 {[%clk 1:11:54]}
13. Rfd1 {[%clk 1:21:59]} Ne7 {[%clk 1:08:37]} 14. Ndb5 {[%clk 1:16:26]} Nxb5
{[%clk 0:59:13]} 15. Nxb5 {[%clk 1:16:27]} Bc6 {[%clk 0:49:15]} 16. Nd6 {[%clk
1:15:23]} Nc8 {[%clk 0:44:58]} 17. b4 {[%clk 1:13:42]} Ba4 {[%clk 0:39:31]} 18.
Re1 {[%clk 1:11:56]} Qe7 {[%clk 0:32:40]} 19. Bf4 {[%clk 1:09:33]} e5 {[%clk
0:30:09]} 20. Nxc8 {[%clk 1:09:17]} Rfxc8 {[%clk 0:30:31]} 21. Bg5 {[%clk
1:08:02]} f6 {[%clk 0:29:20]} 22. Be3 {[%clk 1:08:07]} Bc6 {[%clk 0:26:13]} 23.
Bd1 {[%clk 0:53:35]} d6 {[%clk 0:19:03]} 24. Bb3 {[%clk 0:52:19]} Kh8 {[%clk
0:18:53]} 25. Red1 {[%clk 0:48:52]} Rd8 {[%clk 0:17:56]} 26. Rc3 {[%clk
0:44:56]} Rd7 {[%clk 0:14:28]} 27. Rd3 {[%clk 0:40:56]} Rad8 {[%clk 0:14:01]}
28. b5 {[%clk 0:39:57]} Ba8 {[%clk 0:08:49]} 29. c5 {[%clk 0:36:49]} bxc5
{[%clk 0:09:03]} 30. Bxc5 {[%clk 0:37:13]} Bf8 {[%clk 0:08:55]} 31. a4 {[%clk
0:35:59]} f5 {[%clk 0:05:31]} 32. exf5 {[%clk 0:32:01]} gxf5 {[%clk 0:05:51]}
33. Be3 {[%clk 0:30:23]} d5 {[%clk 0:03:12]} 34. Bg5 {[%clk 0:30:16]} Qc5+
{[%clk 0:03:37]} 35. Qf2 {[%clk 0:25:56]} Rc8 {[%clk 0:02:38]} 36. Be3 {[%clk
0:21:31]} d4 {[%clk 0:01:56]} 37. Bg5 {[%clk 0:21:18]} Rdc7 {[%clk 0:01:13]}
38. Be6 {[%clk 0:18:35]} Re8 {[%clk 0:01:00]} 39. Bxf5 {[%clk 0:18:22]} e4
{[%clk 0:00:52]} 40. Bf6+ {[%clk 0:17:51]} Bg7 {[%clk 0:01:13]} 41. Bxg7+
{[%clk 0:17:59]} Rxg7 {[%clk 0:00:47]} 42. Bxe4 {[%clk 0:17:36]} Bxe4 {[%clk
0:00:51]} 43. fxe4 {[%clk 0:18:01]} Rxe4 {[%clk 0:00:55]} 44. Rxd4 {[%clk
0:17:43]} Rxd4 {[%clk 0:00:39]} 45. Qxd4 {[%clk 0:17:48]} Qxd4+ {[%clk
0:00:39]} 46. Rxd4 {[%clk 0:18:10]} Rb7 {[%clk 0:00:49]} 47. Rg4 {[%clk
0:17:52]} a6 {[%clk 0:00:42]} 48. bxa6 {[%clk 0:17:31]} Ra7 {[%clk 0:01:04]}
49. Kf2 {[%clk 0:17:49]} Rxa6 50. Ke3 {[%clk 0:18:01]} h5 {[%clk 0:01:29]} 51.
Rh4 {[%clk 0:14:49]} Kg7 {[%clk 0:01:24]} 52. Rxh5 {[%clk 0:13:40]} Rxa4 {[%clk
0:01:48]} 53. Rd5 {[%clk 0:09:53]} Kf6 {[%clk 0:01:52]} 54. g3 {[%clk 0:09:09]}
Ra3+ {[%clk 0:01:38]} 55. Rd3 {[%clk 0:08:56]} Ra2 {[%clk 0:01:49]} 56. h4
{[%clk 0:09:15]} Kf5 {[%clk 0:01:38]} 57. Kf3 {[%clk 0:08:20]} Ra4 {[%clk
0:01:36]} 58. Rd5+ {[%clk 0:07:46]} Ke6 {[%clk 0:01:52]} 59. Rb5 {[%clk
0:07:53]} Ra3+ {[%clk 0:02:07]} 60. Kg4 {[%clk 0:08:02]} 1-0

[Event "DEM U14w 2022"]
[Site "Willingen GER"]
[Date "2022.06.09"]
[Round "7"]
[White "Marrufo, Emilia"]
[Black "Margaryan, Sofia"]
[Result "0-1"]
[Termination "normal"]
[Board "13"]
[WhiteElo "998"]
[BlackElo "1181"]
[WhiteClock "00:06:28"]
[BlackClock "00:14:48"]
[PlyCount "128"]
[WhiteFideId "16287363"]
[BlackFideId "16268229"]
[EventCountry "GER"]
[EventRounds "9"]
[EventType "swiss"]
[EventDate "2022.06.04"]

1. d4 {[%clk 1:30:54]} d5 {[%clk 1:30:56]} 2. Bf4 {[%clk 1:31:14]} Bf5 {[%clk
1:31:14]} 3. e3 {[%clk 1:30:51]} e6 {[%clk 1:31:12]} 4. c3 {[%clk 1:30:45]} c6
{[%clk 1:31:37]} 5. Nf3 {[%clk 1:29:49]} Nf6 {[%clk 1:31:50]} 6. Be2 {[%clk
1:28:51]} Be7 {[%clk 1:31:27]} 7. Nbd2 {[%clk 1:28:07]} h6 {[%clk 1:31:42]} 8.
h3 {[%clk 1:25:46]} Nbd7 {[%clk 1:31:50]} 9. Ne5 {[%clk 1:24:30]} O-O {[%clk
1:27:24]} 10. O-O {[%clk 1:22:13]} Nxe5 {[%clk 1:27:00]} 11. dxe5 {[%clk
1:20:02]} Nd7 {[%clk 1:27:12]} 12. Nf3 {[%clk 1:18:23]} Rc8 {[%clk 1:24:04]}
13. Rc1 {[%clk 1:12:16]} a5 {[%clk 1:15:37]} 14. Re1 {[%clk 1:07:53]} Qb6
{[%clk 1:08:06]} 15. b3 {[%clk 1:06:15]} Ba3 {[%clk 1:07:58]} 16. Ra1 {[%clk
1:05:05]} Bb2 {[%clk 1:08:02]} 17. Rc1 {[%clk 1:01:25]} Bxc1 {[%clk 1:08:12]}
18. Qxc1 {[%clk 1:01:37]} Qc5 {[%clk 1:00:16]} 19. Rd1 {[%clk 0:58:33]} b5
{[%clk 0:50:29]} 20. a3 {[%clk 0:54:54]} Nb6 {[%clk 0:42:07]} 21. b4 {[%clk
0:49:55]} axb4 {[%clk 0:42:13]} 22. cxb4 {[%clk 0:49:18]} Qxc1 {[%clk 0:42:23]}
23. Rxc1 {[%clk 0:49:39]} Nc4 {[%clk 0:34:45]} 24. Nd4 {[%clk 0:44:37]} Bg6
{[%clk 0:34:36]} 25. f3 {[%clk 0:42:26]} Rc7 {[%clk 0:33:56]} 26. Ra1 {[%clk
0:31:26]} Ra8 {[%clk 0:33:52]} 27. Bxc4 {[%clk 0:28:29]} dxc4 {[%clk 0:33:51]}
28. e4 {[%clk 0:25:50]} Rd8 {[%clk 0:31:00]} 29. Be3 {[%clk 0:24:46]} Kf8
{[%clk 0:29:55]} 30. a4 {[%clk 0:20:32]} c3 {[%clk 0:16:57]} 31. a5 {[%clk
0:19:52]} Ke7 {[%clk 0:15:31]} 32. a6 {[%clk 0:19:12]} Ra8 {[%clk 0:13:53]} 33.
a7 {[%clk 0:15:20]} f6 {[%clk 0:11:40]} 34. exf6+ {[%clk 0:13:48]} gxf6 {[%clk
0:12:03]} 35. Kh1 {[%clk 0:10:24]} h5 {[%clk 0:12:04]} 36. h4 {[%clk 0:10:14]}
Kd7 {[%clk 0:11:37]} 37. Nc2 {[%clk 0:08:50]} f5 {[%clk 0:10:34]} 38. exf5
{[%clk 0:07:30]} exf5 {[%clk 0:10:04]} 39. Bf2 {[%clk 0:05:57]} f4 {[%clk
0:10:09]} 40. Ne1 {[%clk 0:04:56]} Kc8 {[%clk 0:08:58]} 41. g4 {[%clk 0:02:14]}
fxg3 {[%clk 0:09:14]} 42. Bxg3 {[%clk 0:01:14]} Rcxa7 {[%clk 0:09:35]} 43. Rxa7
{[%clk 0:01:12]} Rxa7 {[%clk 0:09:59]} 44. Kh2 {[%clk 0:01:19]} Ra2+ {[%clk
0:10:12]} 45. Kh1 {[%clk 0:01:28]} c2 {[%clk 0:10:32]} 46. Nxc2 {[%clk
0:01:47]} Rxc2 {[%clk 0:10:57]} 47. Kg1 {[%clk 0:02:05]} c5 {[%clk 0:11:11]}
48. bxc5 {[%clk 0:02:21]} Rxc5 {[%clk 0:11:34]} 49. Kf1 {[%clk 0:02:42]} Rc2
{[%clk 0:11:37]} 50. Ke1 {[%clk 0:03:01]} b4 {[%clk 0:12:02]} 51. Kd1 {[%clk
0:03:23]} b3 {[%clk 0:12:22]} 52. Be5 {[%clk 0:03:36]} b2 53. Bxb2 {[%clk
0:03:58]} Rxb2 {[%clk 0:13:11]} 54. Kc1 {[%clk 0:04:06]} Rc2+ {[%clk 0:13:29]}
55. Kd1 {[%clk 0:04:20]} Kc7 {[%clk 0:13:52]} 56. f4 {[%clk 0:04:32]} Kd6
{[%clk 0:14:10]} 57. Ke1 {[%clk 0:04:48]} Kd5 {[%clk 0:14:33]} 58. Kd1 {[%clk
0:05:03]} Kd4 {[%clk 0:14:54]} 59. Ke1 {[%clk 0:04:55]} Ke3 {[%clk 0:14:59]}
60. Kd1 {[%clk 0:05:08]} Rh2 {[%clk 0:15:17]} 61. Kc1 {[%clk 0:05:30]} Kd3
{[%clk 0:15:34]} 62. Kb1 {[%clk 0:05:50]} Kc3+ {[%clk 0:15:19]} 63. Ka1 {[%clk
0:06:15]} Bf7 {[%clk 0:14:48]} 64. Kb1 {[%clk 0:06:28]} Rh1# 0-1

[Event "DEM U14w 2022"]
[Site "Willingen GER"]
[Date "2022.06.09"]
[Round "7"]
[White "Bursan, Ana-Maria"]
[Black "Funke, Luise"]
[Result "1-0"]
[Termination "normal"]
[Board "14"]
[WhiteElo "1329"]
[BlackElo "970"]
[WhiteClock "00:15:46"]
[BlackClock "01:05:54"]
[PlyCount "75"]
[WhiteFideId "34620150"]
[BlackFideId "34623752"]
[EventCountry "GER"]
[EventRounds "9"]
[EventType "swiss"]
[EventDate "2022.06.04"]

1. e4 {[%clk 1:30:57]} e5 {[%clk 1:30:55]} 2. Nf3 {[%clk 1:30:40]} Nc6 {[%clk
1:31:20]} 3. Bc4 {[%clk 1:30:23]} Bc5 {[%clk 1:31:44]} 4. Nc3 {[%clk 1:28:54]}
d6 {[%clk 1:31:13]} 5. h3 {[%clk 1:25:55]} Nf6 {[%clk 1:31:23]} 6. d3 {[%clk
1:23:46]} Be6 {[%clk 1:31:26]} 7. a3 {[%clk 1:18:08]} Qd7 {[%clk 1:31:30]} 8.
Bxe6 {[%clk 1:13:24]} fxe6 {[%clk 1:31:48]} 9. Rb1 {[%clk 1:09:54]} d5 {[%clk
1:31:54]} 10. Na4 {[%clk 1:06:05]} Bd6 {[%clk 1:30:20]} 11. Qe2 {[%clk
1:02:20]} O-O-O {[%clk 1:29:11]} 12. O-O {[%clk 1:00:26]} Nd4 {[%clk 1:28:17]}
13. Nxd4 {[%clk 0:59:20]} exd4 {[%clk 1:28:36]} 14. e5 {[%clk 0:58:18]} Qxa4
{[%clk 1:27:58]} 15. exf6 {[%clk 0:57:53]} gxf6 {[%clk 1:27:56]} 16. Qxe6+
{[%clk 0:57:14]} Kb8 17. b3 {[%clk 0:56:13]} Qc6 {[%clk 1:28:03]} 18. Qe2
{[%clk 0:51:03]} f5 {[%clk 1:27:29]} 19. Bb2 {[%clk 0:50:07]} Rde8 {[%clk
1:27:23]} 20. Qd2 {[%clk 0:48:17]} f4 {[%clk 1:26:58]} 21. Bxd4 {[%clk
0:46:40]} Rhg8 {[%clk 1:27:09]} 22. f3 {[%clk 0:43:36]} Rg6 {[%clk 1:26:14]}
23. b4 {[%clk 0:41:35]} Reg8 {[%clk 1:26:23]} 24. Rf2 {[%clk 0:38:55]} Qd7
{[%clk 1:26:03]} 25. Kh2 {[%clk 0:36:56]} Qf5 {[%clk 1:23:07]} 26. Re1 {[%clk
0:30:47]} Qg5 {[%clk 1:22:08]} 27. Rfe2 {[%clk 0:29:21]} b6 {[%clk 1:21:56]}
28. Re8+ {[%clk 0:28:01]} Rxe8 {[%clk 1:22:14]} 29. Rxe8+ {[%clk 0:28:17]} Kb7
{[%clk 1:22:37]} 30. Qf2 {[%clk 0:25:29]} h5 {[%clk 1:15:48]} 31. c4 {[%clk
0:23:00]} dxc4 {[%clk 1:15:42]} 32. dxc4 {[%clk 0:22:56]} Kc6 {[%clk 1:13:47]}
33. Qe2 {[%clk 0:19:20]} Qg3+ {[%clk 1:11:56]} 34. Kh1 {[%clk 0:18:59]} h4
{[%clk 1:09:48]} 35. Rd8 {[%clk 0:18:07]} Kb7 36. b5 {[%clk 0:16:00]} Be7
{[%clk 1:06:17]} 37. Qe4+ {[%clk 0:15:46]} c6 {[%clk 1:05:54]} 38. Qxe7# 1-0

[Event "DEM U14w 2022"]
[Site "Willingen GER"]
[Date "2022.06.09"]
[Round "7"]
[White "Lorenz, Rebecca"]
[Black "Steinlechner, Katja"]
[Result "0-1"]
[Termination "normal"]
[Board "15"]
[WhiteElo "733"]
[BlackElo "1326"]
[WhiteClock "00:42:44"]
[BlackClock "00:03:17"]
[PlyCount "54"]
[WhiteFideId "34610944"]
[BlackFideId "16265173"]
[EventCountry "GER"]
[EventRounds "9"]
[EventType "swiss"]
[EventDate "2022.06.04"]

1. e4 {[%clk 1:30:59]} c5 {[%clk 1:30:50]} 2. Nc3 {[%clk 1:30:09]} g6 {[%clk
1:30:37]} 3. d4 {[%clk 1:28:54]} cxd4 {[%clk 1:25:55]} 4. Qxd4 {[%clk 1:24:01]}
Nf6 {[%clk 1:23:56]} 5. e5 {[%clk 1:21:28]} Nc6 {[%clk 1:21:59]} 6. Qe3 {[%clk
1:17:56]} Ng4 {[%clk 1:05:17]} 7. Qg3 {[%clk 1:13:58]} Ngxe5 {[%clk 0:47:30]}
8. Nf3 {[%clk 1:11:53]} Nxf3+ {[%clk 0:47:29]} 9. Qxf3 {[%clk 1:10:19]} Bg7
{[%clk 0:44:04]} 10. Bc4 {[%clk 1:07:57]} Ne5 {[%clk 0:42:19]} 11. Qf4 {[%clk
1:02:06]} Nxc4 {[%clk 0:41:25]} 12. Qxc4 {[%clk 1:02:04]} O-O {[%clk 0:38:01]}
13. O-O {[%clk 1:01:56]} d6 {[%clk 0:36:00]} 14. Re1 {[%clk 0:59:58]} Be6
{[%clk 0:31:39]} 15. Qh4 {[%clk 0:54:51]} Re8 {[%clk 0:27:11]} 16. Ne4 {[%clk
0:54:06]} h5 {[%clk 0:20:54]} 17. Re3 {[%clk 0:52:29]} Bf5 {[%clk 0:17:29]} 18.
Ng5 {[%clk 0:50:08]} e6 {[%clk 0:14:47]} 19. Rg3 {[%clk 0:50:04]} Rc8 {[%clk
0:11:08]} 20. c3 {[%clk 0:50:28]} Bf6 {[%clk 0:09:34]} 21. Bd2 {[%clk 0:49:38]}
d5 {[%clk 0:07:13]} 22. Rd1 {[%clk 0:48:39]} Rc4 {[%clk 0:06:56]} 23. f4 {[%clk
0:47:25]} Bxg5 {[%clk 0:06:01]} 24. Rxg5 {[%clk 0:47:00]} Qb6+ {[%clk 0:04:30]}
25. Kf1 {[%clk 0:45:09]} Kf8 {[%clk 0:03:34]} 26. b3 {[%clk 0:43:40]} Bd3+
{[%clk 0:03:20]} 27. Ke1 {[%clk 0:42:44]} Qg1# {[%clk 0:03:17]} 0-1